000 00412nam a22001697a 4500
003 OSt
005 20211119103501.0
008 211119b |||||||| |||| 00| 0 eng d
020 _a0256219516
040 _cHU
082 _a657
100 _aPENNE AINSWORTH
_919432
245 _aINTRODUCTION TO ACCOUNTING AN INTEGERATED APPROCH
260 _aTOKIYO
_bMEXICO
_c1996
300 _a13-9
942 _2ddc
_cBOOKS
_n0
999 _c19221
_d19221